000 00630nam a2200217 i 4500
001 105737
003 ES-MaACL
007 t|
008 060816s1962 fr ||||1| fre d
080 _a929 Trotsky, Lev
100 1 _aNaville, Pierre.
_985234
245 1 0 _aTrotsky vivant /
_cPierre Naville.
260 _aParis :
_bJulliard,
_c[1962]
300 _a197 p., 1 h. de lám. ;
_c20 cm.
490 1 _alettres nouvelles
500 _aBiblioteca Juan Andrade.
600 1 4 _aTrotsky, Leon,
_d1879-1940
_9240350
830 0 _alettres nouvelles
_9232769
852 _aES-MaACL
_jAND-568
_bR.109867
999 _c105737
_d105737